THEORIES for mental health nursing: a guide for practice

Salvato in:
Dettagli Bibliografici
Natura: Libro
Lingua:inglese
Pubblicazione: SAGE Publications 2013
Tags: Aggiungi Tag
Nessun Tag, puoi essere il primo ad aggiungerne!!

MARC

LEADER 00000nam a22000007a 4500
008 210122b ||||| |||| 00| 0 eng d
020 |a 978-1-4462-5740-1 
245 |a THEORIES for mental health nursing:   |b a guide for practice  |c Theo Stickley & Nicola Wright  |g ix, 380p.; ill. 
250 |c Theo Stickley & Nicola Wright 
260 |b SAGE Publications  |c 2013  |h Thousand Oaks, California:   |i 692660  |i 692661   |l RC440 .T34   |m Mental disorders – Nursing.  |m Nursing theory.  |m Psychiatric nursing – Methods 
500 |a “It includes references and index”. 
942 |a lcc  |c BK  |e Adeniran, F. A  |f 22/01/2021 
952 |0 0  |1 0  |2 lcc  |4 0  |6 RC0440 T34  |7 0  |9 1625  |a HOL  |b HE  |c QZ  |d 2021-01-22  |l 0  |o RC440 .T34   |p 2021-0412  |r 2021-01-22 00:00:00  |w 2021-01-22  |y BK 
952 |0 0  |1 0  |2 lcc  |4 0  |6 RC0440 T34  |7 0  |9 1626  |a HOL  |b HOL  |c QZ  |d 2021-01-22  |l 0  |o RC440 .T34   |p 2021-0413  |r 2021-01-22 00:00:00  |w 2021-01-22  |y BK 
999 |c 862  |d 862